000 00899nas a2200313 4500
001 BR0401796
003 BR-BrBNA
005 20231205104433.0
007 ta
008 230509b bl.|||p| |||| 00| 00por d
040 _aBR-BrBNA
_bpor
_cBiblioteca Nacional de Agricultura
041 _a(Pt)
072 _aK50; U10
100 1 _aCorrêa, P.C.
100 1 _aVital, B.R.
100 1 _aMartins, J.H.
245 1 _aHigroscopicidade e entalpia de vaporização para madeira de Eucalyptus grandis
650 _aEUCALIPTO
650 _aCAVACO
650 _aCHAPA DE PARTÍCULAS
650 _aHIGROSCOPIA
650 _aENTALPIA
650 _aUMIDADE RELATIVA
650 _aMODELO MATEMÁTICO
650 _aMINAS GERAIS
773 0 _tRevista Árvore (Brazil)
_xISSN 0100-6762
_g(1998), v. 22(4) p. 555-561
_wBR0401796
909 _a202311
_bLúcia
_c55
_dLúcia Elande
942 _2AGRIS
_n0
_cANA
999 _c178138
_d178138